Съчинения (Запис номер 114328)
[ съкратено ]
| 000 -Лидер | |
|---|---|
| Контролно поле с фиксирана дължина | 02013nam a2200421 c 4500 |
| 003 - Код на организацията, давaща контролен номер | |
| Контролно поле | BLK |
| 005 - Дата и час на последна редакция | |
| Контролно поле | 20250517124729.0 |
| 008 - Елементи от данни с фиксирана дължина | |
| fixed length control field | 180409b bul|||||r ||||||| ||bul|| |
| 010 ## - Наследен системен номер | |
| LC control number | KNG00119759000 |
| 020 ## - Международен стандартен номер на книга ISBN | |
| Международен стандартен номер на книга ISBN | 978-954-09-0299-9 |
| -- | издат.: Захарий Стоянов - на том(т. 2) |
| 040 ## - Източник на каталожния запис | |
| Идентификатор на билиотеката - собственик на записа | BLK |
| 041 ## - Код за език | |
| Код за езика на текст/звукозапис или на отделно заглавие | Български |
| Код за езика КДБФ | Български |
| 072 #7 - Код за тематичната категория | |
| Код организация | bullib |
| Код за тематична категория | Н85 |
| Текст | Детска художествена литература Н |
| 080 ## - УДК | |
| Текстов определител УДК | Българска литература |
| УДК код - определител по УДК | 821.163.2 |
| УДК определител | -93(081) |
| УДК - код + определител | 821.163.2-93(081) |
| 080 ## - УДК | |
| Текстов определител УДК | Българска литература |
| УДК код - определител по УДК | 821.163.2 |
| УДК определител | -93-1 |
| УДК - код + определител | 821.163.2-93-1 |
| 080 ## - УДК | |
| Текстов определител УДК | Английска литература |
| УДК код - определител по УДК | 821.111 |
| УДК определител | -93-1 |
| УДК - код + определител | 821.111-93-1 |
| 080 ## - УДК | |
| Текстов определител УДК | Белгийска литература |
| УДК код - определител по УДК | 821.133.1(493) |
| УДК определител | -93-1 |
| УДК - код + определител | 821.133.1(493)-93-1 |
| 100 ## - Редна дума - Автор | |
| Автор | Милева, Леда Гео |
| R(LIN) | 363471 |
| 139 ## - Редно поле | |
| Редна дума | Милева, Леда Гео |
| Авторски знак | Миле - М 57 |
| 245 10 - Сведения за заглавието | |
| Заглавие | Съчинения |
| Подзаглавни данни | В 4 т. За том: Приказки и малки поеми |
| Редно поле (дума) | Леда Гео Милева; худож. Маглена Иванова Константинова. |
| Том | Т. 2 |
| Заглавие на том | Изгубеното хвърчило |
| 257 ## - Страна на издаване | |
| Страна на създаване/издаване | България |
| 260 ## - Област на издателските данни | |
| -- | София |
| Година на издаване | 2009 - |
| Печатница | За том: София : УИ Св. Кл. Охридски |
| 300 ## - Физическа характеристика | |
| Размери/Мащаб | 25 см |
| 380 ## - Жанр | |
| Жанр | Детска худож. лит. |
| 653 ## - Ключова дума – ненормативна | |
| Ключова дума | поеми |
| 653 ## - Ключова дума – ненормативна | |
| Ключова дума | приказки |
| 653 ## - Ключова дума – ненормативна | |
| Ключова дума | литература за деца |
| 653 ## - Ключова дума – ненормативна | |
| Ключова дума | детска литература |
| 659 ## - Тематичен бюлетин | |
| Тематичен бюлетин | Н |
| 700 ## - Други автори (авторска отговорност) | |
| Лично име | Константинова, Маглена Иванова |
| Автороска отговорност (Описва отношението между автора и произведението) | худож. |
| 9 (RLIN) | 247827 |
| 760 1# - Описание на основната серия | |
| -- | - на том(т. 2) |
| Редна дума на основното описание | Милева, Леда Гео |
| Място на издаване, издател и година | Захарий Стоянов, 2009 |
| Страници - том | 184 с. : с цв. ил. |
| Заглавие | Т. 2 Изгубеното хвърчило |
| 852 ## - Местоположение | |
| Форматна сигнатура | Цб 247737 |
| 856 4# - Електронен адрес и достъп | |
| Електронен формат | pdf - файл |
| Път до файла /url/ | |
| 856 4# - Електронен адрес и достъп | |
| Електронен формат | pdf - файл |
| Път до файла /url/ | |
| 942 ## - АРТИКУЛИ | |
| Вид на библиотечния материал | Книги |
| Скрит в OPAC | Не |
| Koha issues (borrowed), all copies | 13 |
| 944 ## - СЪЗДАВАНЕ И РЕДАКЦИЯ на ЗАПИСА | |
| Създаване/Редакция | Създаване |
| Дата на регистрацията/редакция | 20.09.2010 |
| Статус, дата на статуса | Кети Илиева |
| Служител, извършил регистрацията/редакцията | 30550 |
| 944 ## - СЪЗДАВАНЕ И РЕДАКЦИЯ на ЗАПИСА | |
| Създаване/Редакция | Редакция |
| Дата на регистрацията/редакция | 31.07.2017 |
| Статус, дата на статуса | ф / 17.09.2010 |
| Служител, извършил регистрацията/редакцията | Людмила_Стоянова |
| 999 ## - СИСТЕМНИ КОНТРОЛНИ НОМЕРА | |
| Koha biblionumber | 114328 |
| Koha biblioitemnumber | 114328 |
| Код за отписване | Код за изгубен артикул | Код за повреда | Коз за рестрикции | Код за отдаване | Артикулен № | Име на библиотеката - собственик | Име на библиотеката, в която се намира в момента | Статус (Текущо местоположение) | Дата на вписване в системата | Местоположение - отдел | Цена в лева | Инвентарен номер | Систематично азбучна сигнатура | Баркод | Номер на екземпляра | Цена в евро | Служебна бележка | Служебен тип на артикула |
|---|---|---|---|---|---|---|---|---|---|---|---|---|---|---|---|---|---|---|
| Не е изгубен | Не е повреден | без рестрикции | ползва се в читалня | 182884 | Регионална библиотека "Любен Каравелов" Русе | Регионална библиотека "Любен Каравелов" Русе | Хранилище | 2010-09-02 | Хранилище | 20.00 | 120000745479 | Цб 247737 | 120000745479 | 1 | 10.23 | Дост: Dp Вид: Д N: 50 Дата: 02.12.2009 | Книги | |
| Не е изгубен | Не е повреден | без рестрикции | заемане за дома | 182885 | Регионална библиотека "Любен Каравелов" Русе | Регионална библиотека "Любен Каравелов" Русе | Детски отдел | 2017-06-02 | Детски отдел | 20.00 | 120000811982 | ДХ 886.7/М 57 | 120000811982 | 2 | 10.23 | Дост: DA Вид: А N: 22 Дата: 02.06.2017 | Книги |